|
|
|
|
| LEADER |
00000nam0a2200000 4500 |
| 001 |
27657 |
| 005 |
20231030202254.0 |
| 010 |
|
|
|a 5926800129
|
| 035 |
|
|
|a (RuTPU)RU\TPU\book\27910
|
| 035 |
|
|
|a BOOK00027985
|
| 090 |
|
|
|a 27657
|
| 100 |
|
|
|a 20011209d2001 u y0rusy50 ca
|
| 101 |
1 |
|
|a rus
|
| 102 |
|
|
|a RU
|
| 105 |
|
|
|a f 000|y
|
| 200 |
1 |
|
|a Руководство по NLP
|e пер. с англ.
|f С. Найт
|
| 210 |
|
|
|a Москва
|c Речь
|d 2001
|
| 215 |
|
|
|a 224 с.
|
| 225 |
1 |
|
|a Психотерапия на практике
|
| 510 |
1 |
|
|a NLP at Work
|
| 610 |
1 |
|
|a психология
|
| 610 |
1 |
|
|a специальная психология
|
| 610 |
1 |
|
|a личность
|
| 610 |
1 |
|
|a НАП
|
| 610 |
1 |
|
|a нейролингвистическое программирование
|
| 610 |
1 |
|
|a NLPдеятельность
|
| 610 |
1 |
|
|a успех
|
| 686 |
|
|
|a Ю952
|v LBC/SL-A
|2 rubbk
|
| 700 |
|
1 |
|a Найт
|g Сьюзен
|
| 801 |
|
0 |
|a RU
|b 63413507
|c 20011209
|g PSBO
|
| 942 |
|
|
|c BK
|